<?xml version="1.0" encoding="UTF-8"?><?xml-stylesheet type="text/xsl" href="static/style.xsl"?><OAI-PMH xmlns="http://www.openarchives.org/OAI/2.0/" xmlns:xsi="http://www.w3.org/2001/XMLSchema-instance" xsi:schemaLocation="http://www.openarchives.org/OAI/2.0/ http://www.openarchives.org/OAI/2.0/OAI-PMH.xsd"><responseDate>2026-04-17T00:40:22Z</responseDate><request verb="GetRecord" identifier="oai:www.recercat.cat:2117/132180" metadataPrefix="marc">https://recercat.cat/oai/request</request><GetRecord><record><header><identifier>oai:recercat.cat:2117/132180</identifier><datestamp>2025-07-22T19:25:47Z</datestamp><setSpec>com_2072_1033</setSpec><setSpec>col_2072_452951</setSpec></header><metadata><record xmlns="http://www.loc.gov/MARC21/slim" xmlns:dcterms="http://purl.org/dc/terms/" xmlns:xsi="http://www.w3.org/2001/XMLSchema-instance" xmlns:doc="http://www.lyncode.com/xoai" xsi:schemaLocation="http://www.loc.gov/MARC21/slim http://www.loc.gov/standards/marcxml/schema/MARC21slim.xsd">
   <leader>00925njm 22002777a 4500</leader>
   <datafield ind2=" " ind1=" " tag="042">
      <subfield code="a">dc</subfield>
   </datafield>
   <datafield ind2=" " ind1=" " tag="720">
      <subfield code="a">Centeno García, Nerea</subfield>
      <subfield code="e">author</subfield>
   </datafield>
   <datafield ind2=" " ind1=" " tag="260">
      <subfield code="c">2019-02</subfield>
   </datafield>
   <datafield ind2=" " ind1=" " tag="520">
      <subfield code="a">The jump from 4G to 5G connections may sound like a small change that does not involve much innovation, but it is not. Since apart from improving the achievements of the 4G, it will be provided new advances, applications and services never seen before (throughout the document it can be seen). But the most revolutionary of 5G networks will be the automation of network management. It will be carried out using networks that organize by themselves, called Self-Organizing Networks (SON). Like this, from its use, important advantages will be achieved, such as improvements in network performance, in costs and in user experience. In this way, this thesis provides a vision of the SON functions, from the creation of models and functional procedures of two specific application examples. In the present project, the characteristics of the 5G will be detailed and the manual and automated functions will be described. Next, the diagrams and functional procedures of the application examples will be developed, and the necessary parameters will be provided to implement each algorithm of each function. And finally, the conclusions and future developments of thesis will be included.</subfield>
   </datafield>
   <datafield ind2=" " ind1=" " tag="520">
      <subfield code="a">El salto de las conexiones 4G a 5G puede parecer un pequeño cambio que no implica mucha innovación, pero no lo es. Dado que además de mejorar los logros del 4G, se proporcionarán nuevos avances, aplicaciones y servicios nunca antes vistos (a lo largo del documento se podrán ver). Pero lo más revolucionario de las redes 5G será la automatización de la gestión de la red. Se llevará a cabo utilizando redes que se organizan por sí mismas, denominadas Self-Organizing Networks (SON). Así, a partir de su uso, se lograrán importantes ventajas, tales como mejoras en el rendimiento de la red, en los costes y en la experiencia del usuario. De esta manera, con esta tesis, se proporciona una visión de las funciones SON, a partir de la creación de modelos y procedimientos funcionales de dos ejemplos aplicativos en concreto. En el presente proyecto, se detallará las características del 5G y se describirá las funciones manuales y automatizadas. Seguidamente, se desarrollará los diagramas y procedimientos funcionales de los ejemplos aplicativos y se proporcionará los parámetros necesarios para implementar cada algoritmo de cada función. Y finalmente, se incluirá las conclusiones y futuros desarrollos de la tesis.</subfield>
   </datafield>
   <datafield ind2=" " ind1=" " tag="520">
      <subfield code="a">El salt de les connexions 4G a 5G pot semblar un petit canvi que no implica molta innovació, però no ho és. Atès que a més de millorar els èxits del 4G, es proporcionaran nous avenços, aplicacions i serveis mai abans vists (al llarg del document es podran veure). Però lo més revolucionari de les xarxes 5G serà l'automatització de la gestió de la xarxa. Es durà a terme utilitzant xarxes que s'organitzen per si mateixes, denominades Self-Organizing Networks (SON). Així, a partir del seu ús, s'aconseguiran importants avantatges, com ara millores en el rendiment de la xarxa, en els costos i en l'experiència de l'usuari. D'aquesta manera, amb aquesta tesi, es proporciona una visió de les funcions SON, a partir de la creació de models i procediments funcionals de dos exemples aplicatius en concret. En el present projecte, es detallarà les característiques del 5G i es descriurà les funcions manuals i automatitzades. Seguidament, es desenvoluparà els diagrames i procediments funcionals dels exemples aplicatius i es proporcionarà els paràmetres necessaris per a implementar cada algoritme de cada funció. I finalment, s'inclourà les conclusions i futurs desenvolupaments de la tesi.</subfield>
   </datafield>
   <datafield tag="653" ind2=" " ind1=" ">
      <subfield code="a">automatització</subfield>
   </datafield>
   <datafield tag="653" ind2=" " ind1=" ">
      <subfield code="a">comunicacions</subfield>
   </datafield>
   <datafield tag="653" ind2=" " ind1=" ">
      <subfield code="a">telecomunicació</subfield>
   </datafield>
   <datafield tag="653" ind2=" " ind1=" ">
      <subfield code="a">xarxes de comunicacions</subfield>
   </datafield>
   <datafield tag="653" ind2=" " ind1=" ">
      <subfield code="a">teoria del senyal</subfield>
   </datafield>
   <datafield tag="653" ind2=" " ind1=" ">
      <subfield code="a">Xarxes de comunicacions</subfield>
   </datafield>
   <datafield tag="653" ind2=" " ind1=" ">
      <subfield code="a">Comunicacions</subfield>
   </datafield>
   <datafield tag="653" ind2=" " ind1=" ">
      <subfield code="a">Telecomunicació</subfield>
   </datafield>
   <datafield tag="653" ind2=" " ind1=" ">
      <subfield code="a">Teoria del senyal (Telecomunicació)</subfield>
   </datafield>
   <datafield tag="653" ind2=" " ind1=" ">
      <subfield code="a">Automatització</subfield>
   </datafield>
   <datafield ind2="0" ind1="0" tag="245">
      <subfield code="a">Functional models and procedures for the automated management of RAN Slicing</subfield>
   </datafield>
   <datafield ind2="0" ind1="0" tag="245">
      <subfield code="a">Modelos y procedimientos funcionales para la gestión automática de RAN Slicing</subfield>
   </datafield>
   <datafield ind2="0" ind1="0" tag="245">
      <subfield code="a">Models i procediments funcionals per a la gestó automàtica de RAN Slicing</subfield>
   </datafield>
</record></metadata></record></GetRecord></OAI-PMH>